| 000 | 00573nam a2200205 a 4500 | ||
|---|---|---|---|
| 003 | BD-DhJNU | ||
| 005 | 20250102054658.0 | ||
| 008 | 190707t2019 bg a l 001 0 eng d | ||
| 020 | _a9789843432292 | ||
| 040 |
_aBD-DhJNU _bENG _cBD-DhJNU _dBD-DhJNU |
||
| 082 | 0 | 0 |
_a346.5492 TAU _223 |
| 100 | _aTalukder, S. M. Hassan | ||
| 245 | 0 | 0 |
_aUnlocking : _blaw of transfer of property / _cS. M. Hassan Talukder |
| 250 | _a2nd ed. | ||
| 260 |
_aDhaka : _bLaw's Empire, _c2019. |
||
| 300 |
_axi, 308 p : _bill. ; _c22 cm. |
||
| 650 | 0 | _aLaw. | |
| 650 | 0 | _aBangladesh | |
| 942 | _cBK | ||
| 999 |
_c1041 _d1041 |
||